000 00893nam a2200217Ia 4500
999 _c39882
_d39882
001 6487
003 GE_BSU
005 20190624160132.0
008 181216s1978||||ge |||||||||||||| ||geo||
041 _ageo
080 _a621.313.(075.8) ლ-81
100 _aლომინაძე, ვ.
_92732
245 _aელექტრული მანქანები.ნაწ.1 : დამხმ. სახელმძღვ. /
_cვ. ლომინაძე ; რედ : მ. ძიძიგური.
264 _aთბილისი :
_bსპი,
_c1978-1983.
300 _a108 გვ .:
_bნახაზ,
_c20 სმ.
504 _aბიბლიოგრ.: გვ.107
653 _aელექტრული მანქანები
653 _aტექნიკა
700 _aძიძიგური, მ
_eრედაქტორი
_9472
942 _cBK
_2udc